Company law (Record no. 5650)

MARC details
000 -LEADER
fixed length control field 00513cam a2200205ua 4500
001 - CONTROL NUMBER
control field 6506
005 - DATE AND TIME OF LATEST TRANSACTION
control field 20260515114048.0
008 - FIXED-LENGTH DATA ELEMENTS--GENERAL INFORMATION
fixed length control field 131216n ii |||gr||||Z||||||eng
020 ## - INTERNATIONAL STANDARD BOOK NUMBER
International Standard Book Number 81-258-2588-7
040 ## - CATALOGING SOURCE
Transcribing agency MAIN
082 ## - DEWEY DECIMAL CLASSIFICATION NUMBER
Classification number 346.066
245 ## - TITLE STATEMENT
Title Company law
Statement of responsibility, etc. By Ashok K. Bagrial
250 ## - EDITION STATEMENT
Edition statement 20th rev. ed.
260 ## - PUBLICATION, DISTRIBUTION, ETC.
Place of publication, distribution, etc. New delhi:
Name of publisher, distributor, etc. Vikas publishing house pvt ltd,
Date of publication, distribution, etc. 2007.
300 ## - PHYSICAL DESCRIPTION
Extent xiii,649p.
653 ## - INDEX TERM--UNCONTROLLED
Uncontrolled term Commerce
653 ## - INDEX TERM--UNCONTROLLED
Uncontrolled term Company law
700 ## - ADDED ENTRY--PERSONAL NAME
Personal name Bagrial,Ashok K.,
Relator term Author.
942 ## - ADDED ENTRY ELEMENTS (KOHA)
Koha item type Books
Holdings
Withdrawn status Lost status Damaged status Not for loan Home library Current library Shelving location Date acquired Total checkouts Full call number Barcode Date last seen Copy number Price effective from Koha item type
        Naharkatiya College Library Naharkatiya College Library General stacks 09/19/2020   346.066 | BAG 18263 09/19/2020 2 09/19/2020 Books
        Naharkatiya College Library Naharkatiya College Library General stacks 09/19/2020   346.066 | BAG 18264 09/19/2020 1 09/19/2020 Books